Normal view
MARC view
- Aged -- United States
Entry Topical Term
001 - CONTROL NUMBER
- control field: 18398
003 - CONTROL NUMBER IDENTIFIER
- control field: OSt
005 - DATE AND TIME OF LATEST TRANSACTION
- control field: 20170105095339.0
008 - FIXED-LENGTH DATA ELEMENTS
- fixed length control field: 170105|| aca||babn | a|a d
040 ## - CATALOGING SOURCE
- Original cataloging agency: OSt
150 ## - HEADING--TOPICAL TERM
- Topical term or geographic name entry element: Aged -- United States
